000 00739nam a2200253 i 4500
001 16370
003 ES-MaACL
005 20250805062421.0
007 t|
008 000904s2000 sp ||||1| spa d
020 _a84-8017-120-0
080 _a929 Carlos (460) I
080 _a946.0"1517/56"
100 1 _aDíaz Pascual, Clara.
_944382
245 1 0 _aCarlos quinto, tanto imperio /
_cClara Díaz Pascual.
260 _a[Madrid] :
_bBetania,
_c[2000]
300 _a274 p. ;
_c21 cm.
490 1 _aEnsayo
600 0 4 _aCarlos
_bI,
_cRey de España
_935296
651 4 _aEspaña-
_xHistoria-
_y1516-1556, Carlos I.
_98224
830 0 _aEnsayo
_9177699
852 _aES-MaACL
_jL-23502
_bR.129010
999 _c16370
_d16370